Medical supplies annual directory 2010/ 11.
| Format: | Book |
|---|---|
| Published: |
Kuala Lumpur:
Infinity 21,
2010.
|
| Subjects: |
| LEADER | 00416cam a2200133 7i4500 | ||
|---|---|---|---|
| 001 | 0000026343 | ||
| 005 | 20110714090000.0 | ||
| 090 | 0 | 0 | |a M 610.025 |b MED |
| 245 | 0 | 0 | |a Medical supplies annual directory 2010/ 11. |
| 260 | 0 | 0 | |a Kuala Lumpur: |b Infinity 21, |c 2010. |
| 300 | # | # | |a [v.p]. |
| 650 | 0 | 0 | |a Medical supplies -- |x Directories -- |z Malaysia |
| 651 | 0 | 0 | |a Malaysia |
| 999 | |a 0000028515 |b Directories |c Malaysia |e Business Information Centre | ||